000 00221nam a2200085Ia 4500
008 120527s9999 xx 000 0 und d
100 _aNEILL, D.H.O
245 _aHuman and draugt animal power in crop production
942 _cBK
999 _c25134
_d25134